[Event "1.Frauenbundesliga 2018-19"]
[Site "Germany"]
[Date "2019.01.12"]
[Round "5.1"]
[White "Unuk, Laura"]
[Black "Muzychuk, Anna"]
[Result "1/2-1/2"]
[WhiteElo "2234"]
[BlackElo "2569"]
[Annotator "ChessBase"]
[PlyCount "54"]
[EventDate "2018.10.27"]
[EventType "team-tourn"]
[EventCountry "GER"]
[SourceTitle "playchess.com"]
[Source "ChessBase"]
[SourceQuality "1"]
[TimeControl "40/5400+30:1800+30"]

1. d4 {[%emt 0:00:30]} f5 {[%emt 0:00:30]} 2. Nc3 {[%emt 0:00:00]} Nf6 {[%emt 0:01:30]} 3. Bg5 {[%emt 0:01:00]} d5 {[%emt 0:00:30]} 4. e3 {[%emt 0:01:30]} e6 {[%emt 0:00:30]} 5. Nf3 {[%emt 0:01:30]} Be7 {[%emt 0:04:30]} 6. Bd3 {[%emt 0:00:30]} O-O {[%emt 0:01:30]} 7. Ne2 {[%emt 0:03:30]} Ne4 {[%emt 0:10:30]} 8. Bxe7 {[%emt 0:12:30]} Qxe7 {[%emt 0:00:00]} 9. O-O {[%emt 0:00:30]} Nd7 {[%emt 0:02:00]} 10. c4 {[%emt 0:00:30]} g5 {[%emt 0:03:30]} 11. Ne5 {[%emt 0:08:30]} c6 {[%emt 0:09:30]} 12. f3 {[%emt 0:17:30]} Nxe5 {[%emt 0:03:30]} 13. dxe5 {[%emt 0:01:30]} Nc5 {[%emt 0:00:30]} 14. Rc1 {[%emt 0:06:30]} Bd7 {[%emt 0:02:30]} 15. Bb1 {[%emt 0:13:30]} Rfd8 {[%emt 0:09:30]} 16. b4 {[%emt 0:03:30]} Na6 {[%emt 0:00:00]} 17. a3 {[%emt 0:00:30]} dxc4 {[%emt 0:02:00]} 18. Rxc4 {[%emt 0:03:30]} c5 {[%emt 0:02:30]} 19. bxc5 {[%emt 0:00:30]} Bb5 {[%emt 0:07:30]} 20. Rd4 {[%emt 0:01:30]} Nxc5 {[%emt 0:01:30]} 21. Re1 {[%emt 0:01:30]} Rd7 {[%emt 0:09:30]} 22. Rxd7 {[%emt 0:07:00]} Qxd7 {[%emt 0:00:30]} 23. Nd4 {[%emt 0:01:17]} Bc4 {[%emt 0:05:30]} 24. Qc2 {[%emt 0:00:23]} b5 {[%emt 0:00:30]} 25. Ba2 {[%emt 0:02:54]} Bxa2 {[%emt 0:02:30]} 26. Qxa2 {[%emt 0:01:30]} f4 {[%emt 0:02:59]} 27. Rc1 {[%emt 0:02:07]} Nd3 {[%emt 0:04:52]} 1/2-1/2

[Event "1.Frauenbundesliga 2018-19"]
[Site "Germany"]
[Date "2019.01.12"]
[Round "5.2"]
[White "Kosteniuk, Alexandra"]
[Black "Antolak, Julia"]
[Result "1-0"]
[WhiteElo "2537"]
[BlackElo "2183"]
[Annotator "ChessBase"]
[PlyCount "73"]
[EventDate "2018.10.27"]
[EventType "team-tourn"]
[EventCountry "GER"]
[SourceTitle "playchess.com"]
[Source "ChessBase"]
[SourceQuality "1"]
[TimeControl "40/5400+30:1800+30"]

1. d4 {[%emt 0:00:30]} Nf6 {[%emt 0:00:30]} 2. c4 {[%emt 0:00:00]} g6 {[%emt 0:00:30]} 3. Nc3 {[%emt 0:00:00]} Bg7 {[%emt 0:00:30]} 4. e4 {[%emt 0:00:00]} d6 {[%emt 0:00:30]} 5. Nf3 {[%emt 0:00:00]} O-O {[%emt 0:00:00]} 6. Be2 {[%emt 0:00:30]} e5 {[%emt 0:01:00]} 7. O-O {[%emt 0:00:00]} Nbd7 {[%emt 0:00:00]} 8. Be3 {[%emt 0:00:00]} Re8 {[%emt 0:10:00]} 9. dxe5 {[%emt 0:14:30]} dxe5 {[%emt 0:06:30]} 10. b4 {[%emt 0:02:30]} a5 {[%emt 0:09:30]} 11. a3 {[%emt 0:01:30]} b6 {[%emt 0:05:30]} 12. c5 {[%emt 0:04:30]} axb4 {[%emt 0:02:30]} 13. axb4 {[%emt 0:00:30]} Rxa1 {[%emt 0:00:30]} 14. Qxa1 {[%emt 0:00:30]} bxc5 {[%emt 0:03:30]} 15. bxc5 {[%emt 0:00:00]} Bb7 {[%emt 0:04:30]} 16. Bc4 {[%emt 0:11:00]} h6 {[%emt 0:08:30]} 17. Qa4 {[%emt 0:12:30]} Qa8 {[%emt 0:07:30]} 18. Qb3 {[%emt 0:01:30]} Rf8 {[%emt 0:11:30]} 19. Nh4 {[%emt 0:03:30]} Nxe4 {[%emt 0:03:30]} 20. Nxe4 {[%emt 0:02:30]} Bxe4 {[%emt 0:00:30]} 21. f3 {[%emt 0:00:30]} Qd8 {[%emt 0:02:30]} 22. Bxf7+ {[%emt 0:03:30]} Kh7 {[%emt 0:02:56]} 23. g3 {[%emt 0:08:30]} Bf5 {[%emt 0:06:11]} 24. Nxf5 {[%emt 0:00:30]} gxf5 {[%emt 0:00:08]} 25. c6 {[%emt 0:06:30]} Nb8 {[%emt 0:01:43]} 26. Bc5 {[%emt 0:03:30]} Rh8 {[%emt 0:01:38]} 27. Be6 {[%emt 0:01:30]} Bf8 {[%emt 0:09:09]} 28. Bxf5+ {[%emt 0:01:30]} Kg7 {[%emt 0:00:06]} 29. Bxf8+ {[%emt 0:00:30]} Qxf8 {[%emt 0:01:40]} 30. Be4 {[%emt 0:05:00]} Qc5+ {[%emt 0:00:25]} 31. Kg2 {[%emt 0:00:15]} Nxc6 {[%emt 0:01:13]} 32. Qe6 {[%emt 0:00:14]} Ne7 {[%emt 0:00:31]} 33. Rd1 {[%emt 0:00:05]} Rf8 {[%emt 0:00:33]} 34. Rd7 {[%emt 0:00:15]} Rf7 {[%emt 0:00:12]} 35. Bg6 {[%emt 0:01:58]} Rf6 {[%emt 0:00:41]} 36. Rxe7+ {[%emt 0:00:05]} Kxg6 {[%emt 0:00:08]} 37. Qg4# {[%emt 0:00:05]} 1-0

[Event "1.Frauenbundesliga 2018-19"]
[Site "Germany"]
[Date "2019.01.12"]
[Round "5.3"]
[White "Gosciniak, Maria"]
[Black "Muzychuk, Mariya"]
[Result "1/2-1/2"]
[WhiteElo "2091"]
[BlackElo "2540"]
[Annotator "TA"]
[PlyCount "109"]
[EventDate "2018.10.27"]
[EventType "team-tourn"]
[EventCountry "GER"]
[SourceTitle "playchess.com"]
[Source "ChessBase"]
[SourceQuality "1"]

{[%evp 17,109,0,5,0,0,0,0,-8,0,-8,-5,-7,-8,-13,-4,-4,-4,-4,-4,0,14,14,14,12,27,27,20,27,24,13,14,0,0,0,21,15,16,0,0,0,0,0,0,0,0,0,0,0,0,0,0,0,0,0,0,0,0,-18,0,0,0,0,0,0,0,0,0,0,0,0,0,0,0,0,6,0,0,0,0,0,0,0,0,0,0,0,0,0,0,0,0,0,0,0]} 1. e4 c5 2. Nf3 e6 3. c4 Nc6 4. d4 cxd4 5. Nxd4 Nf6 6. Nxc6 bxc6 7. Nc3 e5 {B44: Sicilian: Taimanov: 5 Nb5} 8. Bd3 (8. Be3 Bb4 9. Bd3 d6 10. O-O O-O 11. Qc2 Ng4 12. Bd2 Bc5 13. h3 Nf6 14. Rab1 a5 15. a3 {0-1 (34) Ding,L (2749)-Karjakin,S (2753) Heixiazi 2015}) 8... Bc5 9. O-O d6 {LiveBook: 9 Games} 10. Rb1 a5 11. Na4 Bd4 12. c5 dxc5 13. Qc2 O-O $146 ({Predecessor:} 13... Ng4 14. h3 h5 15. Qe2 Qh4 16. Qf3 Be6 {0-1 (44) Trois,F (2395)-Bronstein,L (2385) Sao Paulo 1977}) 14. b3 Nh5 15. Be2 Nf4 16. Bxf4 $1 exf4 17. Nxc5 Qg5 {[#] And now ...Bh3 would win.} 18. Nd3 $1 {[%cal Bc5d3,Bd3e1,Be1f3][%mdl 32]} Bh3 {[%csl Gh3][%cal Rg5g2]} 19. Ne1 $1 c5 20. Kh1 Bg4 (20... Be6 {is more complex.} 21. Nf3 Qf6 22. Bc4 Rfd8 23. Bxe6 Qxe6 24. Rfd1 Rab8) 21. Bxg4 Qxg4 22. Nf3 Rfd8 23. h3 Qe6 {The position is equal.} 24. Rbd1 h6 25. Rd2 Rd7 26. Rfd1 {[%cal Rf3d4]} Rad8 {[%cal Ba8d8,Bd8b8,Bb8b3][%mdl 32]} 27. a3 (27. Kg1 {feels hotter.} g5 28. Re1 Rd6 29. Rc1 R6d7 30. Rdd1) 27... Rb8 28. Nxd4 cxd4 29. Rxd4 Rxd4 30. Rxd4 Qxb3 31. Qxb3 Rxb3 $11 {[%mdl 4096] Endgame KR-KR} 32. Ra4 $1 Rb5 33. Kh2 h5 34. f3 g5 35. Kg1 Kg7 36. Kf1 Kf6 37. Ke2 Ke6 38. Kd3 Rb2 39. Rxa5 Rxg2 40. Ra6+ Ke5 41. Ra5+ Kd6 42. a4 h4 43. Kd4 Rd2+ 44. Kc4 Rc2+ 45. Kd4 Rf2 46. Rxg5 (46. e5+ {keeps more tension.} Ke6 47. Ra6+ Ke7 48. Ke4 Rh2 49. Kf5) 46... Rxf3 47. Rg4 Rxh3 48. Rxf4 Ke6 49. a5 Rh1 50. a6 h3 51. Rh4 Ra1 52. Rxh3 Ra4+ 53. Kc5 Rxa6 54. Rh6+ f6 55. Kd4 {Precision: White = 70%, Black = 67%.} 1/2-1/2

[Event "1.Frauenbundesliga 2018-19"]
[Site "Germany"]
[Date "2019.01.12"]
[Round "5.4"]
[White "Zatonskih, Anna"]
[Black "Brandt, Carina"]
[Result "1-0"]
[WhiteElo "2428"]
[BlackElo "2093"]
[Annotator "NA"]
[PlyCount "51"]
[EventDate "2018.10.27"]
[EventType "team-tourn"]
[EventCountry "GER"]
[SourceTitle "playchess.com"]
[Source "ChessBase"]
[SourceQuality "1"]
[TimeControl "40/5400+30:1800+30"]

1. d4 {[%emt 0:00:30]} Nf6 {[%emt 0:00:30]} 2. Nf3 {[%emt 0:01:30]} g6 {[%emt 0:00:00]} 3. g3 {[%emt 0:00:00]} Bg7 {[%emt 0:00:00]} 4. Bg2 {[%emt 0:00:00]} O-O {[%emt 0:00:30]} 5. O-O {[%emt 0:00:30]} d6 {[%emt 0:00:00]} 6. Re1 {[%emt 0:05:30]} Nc6 {[%emt 0:02:00]} 7. e4 {[%emt 0:08:30]} e5 {[%emt 0:01:30]} 8. c3 {[%emt 0:05:30]} Nd7 {[%emt 0:06:30]} 9. Na3 {[%emt 0:13:30]} a5 {[%emt 0:08:30]} 10. Be3 {[%emt 0:09:30]} f5 {[%emt 0:12:30]} 11. Bg5 {[%emt 0:26:30]} Bf6 {[%emt 0:03:30]} 12. Bxf6 {[%emt 0:00:30]} Rxf6 {[%emt 0:03:30]} 13. exf5 {[%emt 0:04:32]} Rxf5 {[%emt 0:07:30]} 14. Nc4 {[%emt 0:00:28]} Qf8 {[%emt 0:15:30]} 15. dxe5 {[%emt 0:02:02]} Ndxe5 {[%emt 0:03:30]} 16. Nfxe5 {[%emt 0:01:12]} Nxe5 {[%emt 0:00:30]} 17. Nxe5 {[%emt 0:00:29]} dxe5 {[%emt 0:00:30]} 18. Qd5+ {[%emt 0:01:47]} Kg7 {[%emt 0:04:30]} 19. Rxe5 {[%emt 0:01:43]} Rxf2 {[%emt 0:03:30]} 20. Qd4 {[%emt 0:00:17]} Rf6 {[%emt 0:01:30]} 21. Rae1 {[%emt 0:00:11]} Bf5 {[%emt 0:06:14]} 22. Re7+ {[%emt 0:00:18]} Kh8 {[%emt 0:00:09]} 23. Re8 {[%emt 0:00:46]} Rxe8 {[%emt 0:00:13]} 24. Rxe8 {[%emt 0:00:02]} Qxe8 {[%emt 0:00:22]} 25. Qxf6+ {[%emt 0:00:06]} Kg8 {[%emt 0:00:05]} 26. Bd5+ {[%emt 0:00:04]} 1-0

[Event "1.Frauenbundesliga 2018-19"]
[Site "Germany"]
[Date "2019.01.12"]
[Round "5.5"]
[White "Sherif, Amina"]
[Black "Arakhamia-Grant, Ketevan"]
[Result "0-1"]
[WhiteElo "1950"]
[BlackElo "2372"]
[Annotator "NA"]
[PlyCount "130"]
[EventDate "2018.10.27"]
[EventType "team-tourn"]
[EventCountry "GER"]
[SourceTitle "playchess.com"]
[Source "ChessBase"]
[SourceQuality "1"]
[TimeControl "40/5400+30:1800+30"]

1. e4 {[%emt 0:00:30]} c5 {[%emt 0:00:00]} 2. Nf3 {[%emt 0:00:30]} Nc6 {[%emt 0:01:00]} 3. d4 {[%emt 0:00:00]} cxd4 {[%emt 0:00:30]} 4. Nxd4 {[%emt 0:00:00]} e5 {[%emt 0:00:30]} 5. Nb5 {[%emt 0:01:30]} d6 {[%emt 0:00:30]} 6. c4 {[%emt 0:00:30]} Be7 {[%emt 0:00:30]} 7. N1c3 {[%emt 0:01:30]} a6 {[%emt 0:00:30]} 8. Na3 {[%emt 0:00:30]} Be6 {[%emt 0:00:00]} 9. Bd3 {[%emt 0:06:30]} Bg5 {[%emt 0:07:00]} 10. Nc2 {[%emt 0:02:30]} h6 {[%emt 0:04:30]} 11. O-O {[%emt 0:08:30]} Nf6 {[%emt 0:03:30]} 12. h3 {[%emt 0:13:30]} O-O {[%emt 0:03:30]} 13. Be3 {[%emt 0:07:30]} Bxe3 {[%emt 0:05:30]} 14. Nxe3 {[%emt 0:00:00]} Nd4 {[%emt 0:00:30]} 15. b3 {[%emt 0:11:00]} Rb8 {[%emt 0:03:30]} 16. Ne2 {[%emt 0:02:30]} Qb6 {[%emt 0:06:30]} 17. Rc1 {[%emt 0:04:30]} Rfc8 {[%emt 0:03:30]} 18. Nxd4 {[%emt 0:05:30]} Qxd4 {[%emt 0:00:30]} 19. Bb1 {[%emt 0:04:30]} Qc5 {[%emt 0:21:30]} 20. Qd2 {[%emt 0:03:30]} a5 {[%emt 0:05:30]} 21. Rfd1 {[%emt 0:05:30]} Rd8 {[%emt 0:00:30]} 22. Nd5 {[%emt 0:00:30]} Bxd5 {[%emt 0:01:30]} 23. cxd5 {[%emt 0:06:49]} Qb6 {[%emt 0:00:00]} 24. Rc3 {[%emt 0:01:06]} Nd7 {[%emt 0:03:00]} 25. Rdc1 {[%emt 0:01:12]} Qb4 {[%emt 0:09:12]} 26. Qe2 {[%emt 0:00:52]} Nf6 {[%emt 0:02:10]} 27. Rc4 {[%emt 0:02:35]} Qb6 {[%emt 0:03:02]} 28. Bd3 {[%emt 0:00:26]} Nd7 {[%emt 0:02:26]} 29. Qg4 {[%emt 0:01:43]} Nc5 {[%emt 0:01:27]} 30. Be2 {[%emt 0:00:19]} Qc7 {[%emt 0:01:15]} 31. R4c3 {[%emt 0:00:58]} Qe7 {[%emt 0:04:43]} 32. Bb5 {[%emt 0:00:50]} g6 {[%emt 0:05:19]} 33. a3 {[%emt 0:00:28]} h5 {[%emt 0:00:45]} 34. Qf3 {[%emt 0:00:20]} Qg5 {[%emt 0:00:55]} 35. R1c2 {[%emt 0:01:51]} Qh4 {[%emt 0:01:43]} 36. Rc4 {[%emt 0:01:21]} Qf4 {[%emt 0:00:30]} 37. Qxf4 {[%emt 0:01:33]} exf4 {[%emt 0:00:01]} 38. b4 {[%emt 0:00:31]} axb4 {[%emt 0:00:07]} 39. axb4 {[%emt 0:00:03]} Nd3 {[%emt 0:00:18]} 40. f3 {[%emt 0:03:15]} Ra8 {[%emt 0:01:24]} 41. Kf1 {[%emt 0:02:18]} Ne5 {[%emt 0:06:13]} 42. Rc7 {[%emt 0:01:30]} Rdb8 {[%emt 0:05:31]} 43. Ke2 {[%emt 0:06:30]} Kg7 {[%emt 0:00:29]} 44. h4 {[%emt 0:07:07]} Ra3 {[%emt 0:10:41]} 45. R2c3 {[%emt 0:02:36]} Ra2+ {[%emt 0:02:23]} 46. Rc2 {[%emt 0:01:40]} Rba8 {[%emt 0:00:29]} 47. Rxa2 {[%emt 0:06:47]} Rxa2+ {[%emt 0:00:05]} 48. Kf1 {[%emt 0:00:11]} Ra1+ {[%emt 0:07:19]} 49. Kf2 {[%emt 0:00:08]} Ra2+ {[%emt 0:00:04]} 50. Kf1 {[%emt 0:00:19]} Rb2 {[%emt 0:00:07]} 51. Rxb7 {[%emt 0:00:13]} Rxb4 {[%emt 0:00:06]} 52. Ba6 {[%emt 0:00:39]} Rxb7 {[%emt 0:02:00]} 53. Bxb7 {[%emt 0:00:01]} f6 {[%emt 0:00:32]} 54. Kf2 {[%emt 0:00:53]} g5 {[%emt 0:00:12]} 55. hxg5 {[%emt 0:00:44]} fxg5 {[%emt 0:00:02]} 56. g3 {[%emt 0:01:34]} Kf6 {[%emt 0:01:34]} 57. gxf4 {[%emt 0:01:19]} Nd3+ {[%emt 0:00:06]} 58. Kg3 {[%emt 0:00:40]} Nxf4 {[%emt 0:00:06]} 59. Bc8 {[%emt 0:00:24]} Ke5 {[%emt 0:00:10]} 60. Bf5 {[%emt 0:00:22]} Nxd5 {[%emt 0:00:46]} 61. Bg6 {[%emt 0:00:39]} Nf6 {[%emt 0:01:07]} 62. Bf7 {[%emt 0:00:25]} h4+ {[%emt 0:00:25]} 63. Kg2 {[%emt 0:00:58]} Kf4 {[%emt 0:00:08]} 64. Bg6 {[%emt 0:00:18]} Nd7 {[%emt 0:00:20]} 65. Bh5 {[%emt 0:00:15]} Ne5 {[%emt 0:00:12]} 0-1

[Event "1.Frauenbundesliga 2018-19"]
[Site "Germany"]
[Date "2019.01.12"]
[Round "5.6"]
[White "Tammert, Iamze"]
[Black "Waechter, Nathalie"]
[Result "1-0"]
[WhiteElo "2280"]
[BlackElo "2055"]
[Annotator "NA"]
[PlyCount "59"]
[EventDate "2018.10.27"]
[EventType "team-tourn"]
[EventCountry "GER"]
[SourceTitle "playchess.com"]
[Source "ChessBase"]
[SourceQuality "1"]
[TimeControl "40/5400+30:1800+30"]

1. c4 {[%emt 0:00:30]} e6 {[%emt 0:00:30]} 2. Nf3 {[%emt 0:00:00]} d5 {[%emt 0:00:00]} 3. e3 {[%emt 0:01:00]} Nf6 {[%emt 0:01:00]} 4. b3 {[%emt 0:01:30]} c5 {[%emt 0:00:30]} 5. Bb2 {[%emt 0:00:30]} Nc6 {[%emt 0:00:30]} 6. d4 {[%emt 0:19:30]} b6 {[%emt 0:04:30]} 7. cxd5 {[%emt 0:06:30]} exd5 {[%emt 0:08:30]} 8. Ne5 {[%emt 0:05:30]} Bb7 {[%emt 0:07:30]} 9. Bb5 {[%emt 0:04:30]} Qc7 {[%emt 0:23:30]} 10. Nc3 {[%emt 0:03:30]} a6 {[%emt 0:03:30]} 11. Bxc6+ {[%emt 0:02:30]} Bxc6 {[%emt 0:03:30]} 12. Nxc6 {[%emt 0:04:30]} Qxc6 {[%emt 0:00:30]} 13. dxc5 {[%emt 0:00:30]} Bxc5 {[%emt 0:05:30]} 14. O-O {[%emt 0:00:00]} O-O {[%emt 0:00:00]} 15. Ne2 {[%emt 0:01:00]} Rad8 {[%emt 0:05:00]} 16. Bd4 {[%emt 0:03:30]} Rfe8 {[%emt 0:01:30]} 17. Rc1 {[%emt 0:00:30]} Qd6 {[%emt 0:00:30]} 18. Qd3 {[%emt 0:00:30]} Ng4 {[%emt 0:03:30]} 19. g3 {[%emt 0:19:30]} Qh6 {[%emt 0:05:30]} 20. h4 {[%emt 0:00:30]} Bxd4 {[%emt 0:07:39]} 21. Nxd4 {[%emt 0:11:37]} Nxe3 {[%emt 0:01:44]} 22. Rc6 {[%emt 0:00:28]} Rd6 {[%emt 0:00:58]} 23. Rxd6 {[%emt 0:00:06]} Qxd6 {[%emt 0:00:02]} 24. Re1 {[%emt 0:00:12]} Qa3 {[%emt 0:08:17]} 25. Rxe3 {[%emt 0:00:25]} Rc8 {[%emt 0:00:12]} 26. Nf5 {[%emt 0:01:41]} Rf8 {[%emt 0:01:31]} 27. Qd4 {[%emt 0:00:27]} f6 {[%emt 0:02:04]} 28. Qxd5+ {[%emt 0:00:29]} Kh8 {[%emt 0:00:07]} 29. Qb7 {[%emt 0:00:13]} Rg8 {[%emt 0:00:50]} 30. Re8 1-0

[Event "1.Frauenbundesliga 2018-19"]
[Site "Germany"]
[Date "2019.01.12"]
[Round "5.8"]
[White "Georgescu, Lena"]
[Black "Khademalsharieh, Sarasadat"]
[Result "0-1"]
[WhiteElo "2180"]
[BlackElo "2468"]
[Annotator "TA"]
[PlyCount "152"]
[EventDate "2018.10.27"]
[EventType "team-tourn"]
[EventCountry "GER"]
[SourceTitle "playchess.com"]
[Source "ChessBase"]
[SourceQuality "1"]

{[%evp 18,152,33,33,54,65,71,30,32,32,37,0,52,28,52,0,0,0,0,-14,0,-14,0,-4,0,-38,-38,-43,-43,-44,-33,-42,-25,-44,-36,-37,-27,-36,-36,-42,-32,-33,-40,-113,-107,-132,-60,-64,-64,-99,-62,-64,-63,-57,0,0,0,-60,-60,-60,-50,-84,-78,-101,-94,-108,-90,-140,-140,-149,-149,-149,-149,-149,-140,-142,-127,-225,-214,-223,0,-192,-186,-186,-179,-180,-181,-192,-190,-214,-225,-230,-254,-286,-259,-619,-560,-722,-722,-676,-626,-764,-1000,-969,-1063,-1150,-1080,-1023,-966,-935,-893,-560,0,0,0,0,0,-8,-8,-52,-74,-77,0,0,0,0,0,-414,-446,-1404,-1172,-2967,-2820,-4133,-1158,-29986,-29987]} 1. e4 e5 2. Nf3 Nc6 3. Bb5 a6 4. Ba4 Nf6 5. O-O b5 6. Bb3 Bb7 7. a4 {C78: Ruy Lopez: Archangelsk and Möller Defences} (7. d3 Be7 8. Re1 O-O 9. a4 Re8 10. Nbd2 Bf8 11. Nf1 Na5 12. Ba2 d5 13. axb5 axb5 14. exd5 Bxd5 15. Bg5 Bxa2 16. Rxa2 e4 17. Bxf6 Qxf6 18. Rxe4 Rxe4 19. dxe4 {1-0 (29) Caruana,F (2804)-Onischuk,A (2672) Saint Louis 2018}) 7... Bc5 8. d3 h6 9. Nc3 b4 10. Nd5 {LiveBook: 16 Games} Nxd5 11. Bxd5 d6 12. Be3 Bxe3 13. fxe3 O-O 14. a5 $146 ({Predecessor:} 14. Qe1 Rb8 15. Qg3 Ne7 16. Bb3 Bc8 17. Nh4 Be6 18. Bxe6 fxe6 19. Rxf8+ Qxf8 {1-0 (30) Solleveld,M (2453)-Markus,J (2243) Hoogeveen 2002}) 14... Rb8 (14... Nxa5 $1 $11 15. Qe1 (15. Rxa5 c6 $11) 15... c5) 15. Nd2 Ne7 16. Bxb7 (16. Bb3 $14) 16... Rxb7 $11 17. Qf3 Rb5 18. b3 Qd7 19. Nc4 Qe6 20. Qg3 (20. Rf2 {is interesting.} f6 21. h4 Nc6 22. g4 Rbb8 23. Qf5) 20... Qg6 (20... f6 {feels hotter.} 21. Rf3 c6 22. Raf1 Kh7 23. d4 Rd8) 21. Qxg6 (21. Qh3 {with more complications.} Qe6 22. Qg3) 21... Nxg6 22. Rf2 f6 23. Kf1 Ne7 24. Ke2 Rd8 25. Kd2 c6 26. Kc1 Nc8 27. Kb2 d5 28. Nd2 Nd6 29. exd5 cxd5 30. e4 {[#]} (30. g4 $15) 30... dxe4 $1 $17 31. Nxe4 Nb7 (31... Nxe4 $17 32. dxe4 Rd4) 32. Ra4 Rd4 33. Rf1 Kf7 ({Much worse is} 33... Nxa5 $6 34. Rfa1 $11) (33... Rxa5 $6 34. Rxa5 Nxa5 35. Ra1 $11) 34. Nd2 Nc5 ({But not} 34... Nxa5 $6 35. Rfa1 $11) ({Reject} 34... Rxa5 $6 35. Rxa5 Nxa5 36. Ra1 $14) 35. Raa1 e4 (35... Ne6 $15) 36. Nxe4 $11 Nxe4 37. dxe4 (37. Rf4 $1 $11) 37... Rxe4 {[%mdl 4096] Endgame KRR-KRR} 38. Rf2 Rd5 39. g3 Ke6 40. Ra4 h5 41. Ra1 Kd6 42. Raf1 Rxa5 43. Rf4 Rxf4 44. Rxf4 $17 {KR-KR} Rb5 45. c3 bxc3+ 46. Kxc3 a5 47. h3 (47. Rd4+ $17 {was called for.} Rd5 48. Rf4) 47... Ke5 48. Rc4 Kd6 49. Rf4 $1 Rd5 50. Kc4 Rg5 51. Rf3 Re5 52. Rd3+ Ke6 53. Rf3 g5 54. Rd3 f5 55. Rd8 Re4+ 56. Kc5 $2 (56. Kd3 Rb4 57. Kc3) 56... Rb4 57. Re8+ Kf7 58. Re3 h4 59. gxh4 gxh4 60. Kd6 Kf6 61. Rf3 Kg5 62. Ke5 Re4+ 63. Kd5 Re1 64. Kd4 f4 $2 (64... Re2 $19 65. Kd3 Rg2) 65. Rc3 $11 Kf6 66. Rc6+ Ke7 67. Rc7+ Kd6 68. Rf7 Rd1+ $1 69. Ke4 {[#]} Re1+ ({Black should play} 69... Kc5 $1 $17 70. Rc7+ Kb6) 70. Kd4 $1 Re3 71. Rf6+ Ke7 72. Rxf4 $2 {[%mdl 8192]} (72. Ra6 $11 {and White is okay.}) 72... Rxb3 $19 {aiming for ...Rb4+.} 73. Kc5 (73. Kd5 $142 Rxh3 74. Ra4) 73... Rxh3 74. Kb5 Rh1 75. Ka4 h3 {[%cal Bh4h3,Bh3h2][%mdl 32] Hoping for ...h2.} 76. Kb3 h2 {Accuracy: White = 37%, Black = 72%.} 0-1

[Event "1.Frauenbundesliga 2018-19"]
[Site "Germany"]
[Date "2019.01.12"]
[Round "5.9"]
[White "Hoolt, Sarah"]
[Black "Muetsch, Annmarie"]
[Result "1-0"]
[WhiteElo "2358"]
[BlackElo "2259"]
[Annotator "NA"]
[PlyCount "71"]
[EventDate "2018.10.27"]
[EventType "team-tourn"]
[EventCountry "GER"]
[SourceTitle "playchess.com"]
[Source "ChessBase"]
[SourceQuality "1"]
[TimeControl "40/5400+30:1800+30"]

1. e4 {[%emt 0:00:30]} c5 {[%emt 0:00:30]} 2. d3 {[%emt 0:00:00]} Nc6 {[%emt 0:02:30]} 3. g3 {[%emt 0:00:00]} g6 {[%emt 0:01:30]} 4. Bg2 {[%emt 0:00:00]} Bg7 {[%emt 0:00:00]} 5. f4 {[%emt 0:00:00]} d6 {[%emt 0:05:00]} 6. Nf3 {[%emt 0:00:30]} e6 {[%emt 0:01:30]} 7. c3 {[%emt 0:00:30]} Nge7 {[%emt 0:00:30]} 8. O-O {[%emt 0:00:00]} O-O {[%emt 0:02:30]} 9. Be3 {[%emt 0:00:00]} b6 {[%emt 0:01:30]} 10. Bf2 {[%emt 0:00:30]} Bb7 {[%emt 0:03:30]} 11. Re1 {[%emt 0:03:30]} Qc7 {[%emt 0:03:30]} 12. d4 {[%emt 0:00:30]} cxd4 {[%emt 0:02:30]} 13. cxd4 {[%emt 0:00:30]} d5 {[%emt 0:03:30]} 14. e5 {[%emt 0:00:30]} Qd7 {[%emt 0:07:30]} 15. Nc3 {[%emt 0:06:30]} Na5 {[%emt 0:01:30]} 16. Bf1 {[%emt 0:05:30]} Rfc8 {[%emt 0:07:30]} 17. Rc1 {[%emt 0:08:30]} Rc7 {[%emt 0:11:30]} 18. b3 {[%emt 0:05:30]} Bf8 {[%emt 0:05:30]} 19. Qd2 {[%emt 0:07:30]} Rac8 {[%emt 0:07:30]} 20. g4 {[%emt 0:12:30]} Bc6 {[%emt 0:03:30]} 21. Bd3 {[%emt 0:03:30]} Rb8 {[%emt 0:07:51]} 22. Qe2 {[%emt 0:12:30]} Qc8 {[%emt 0:05:09]} 23. Be3 {[%emt 0:02:30]} Qb7 {[%emt 0:07:54]} 24. Nh4 {[%emt 0:03:30]} Bd7 {[%emt 0:02:10]} 25. f5 {[%emt 0:02:30]} b5 {[%emt 0:01:09]} 26. fxe6 {[%emt 0:09:58]} fxe6 {[%emt 0:00:10]} 27. Rf1 {[%emt 0:03:08]} Bg7 {[%emt 0:02:37]} 28. Bg5 {[%emt 0:00:27]} b4 {[%emt 0:02:38]} 29. Bxe7 {[%emt 0:01:06]} Rxc3 {[%emt 0:00:06]} 30. Rxc3 {[%emt 0:03:30]} bxc3 {[%emt 0:00:06]} 31. Bd6 {[%emt 0:03:47]} Nc6 {[%emt 0:00:15]} 32. Nf3 {[%emt 0:01:45]} Bf8 {[%emt 0:01:35]} 33. Bxb8 {[%emt 0:00:29]} Nxb8 {[%emt 0:01:03]} 34. Ng5 {[%emt 0:00:50]} Qc8 {[%emt 0:00:42]} 35. Qf2 {[%emt 0:01:29]} Qe8 {[%emt 0:00:30]} 36. Nxh7 {[%emt 0:00:00]} 1-0